Effective employee communications (Record no. 41266)

MARC details
000 -LEADER
fixed length control field 00504nam a2200145 a 4500
008 - FIXED-LENGTH DATA ELEMENTS--GENERAL INFORMATION
fixed length control field 120416s0000 ||||||||||||||||| || u
020 ## - INTERNATIONAL STANDARD BOOK NUMBER
International Standard Book Number 0749401400
050 ## - LIBRARY OF CONGRESS CALL NUMBER
Classification number HF 5549.5.C6 Bla
100 ## - MAIN ENTRY--PERSONAL NAME
Personal name Bland, Michael
245 10 - TITLE STATEMENT
Title Effective employee communications
260 ## - PUBLICATION, DISTRIBUTION, ETC.
Place of publication, distribution, etc. London
Name of publisher, distributor, etc. Kogan Page
Date of publication, distribution, etc. 1990
300 ## - PHYSICAL DESCRIPTION
Extent 166p. : ill
350 ## - PRICE (NR) (BK AM CF MU VM SE) [OBSOLETE]
Price 0.00
995 ## - RECOMMENDATION 995 [LOCAL, UNIMARC FRANCE]
-- 0.00
-- CBU-MAIN LIBRARY (Kitwe)
-- 1
-- 16.95
-- AVAILABLE
-- Main Library Open Access Collection
Holdings
Withdrawn status Lost status Source of classification or shelving scheme Damaged status Not for loan Home library Current library Shelving location Date acquired Total Checkouts Full call number Barcode Date last seen Price effective from Koha item type
          CBU-MAIN LIBRARY, KITWE. CBU-MAIN LIBRARY, KITWE.   11/30/2022   HF 5549.5.C6 Bla 006103 11/30/2022 11/30/2022 MONOGRAPH